Lana Del Rey - Lust for Life Lyrics (Ft. The Weeknd) - Statistics

General Stats
  • This quiz has been taken 158 times
  • The average score is 415 of 493
Answer Stats
Answer % Correct
H
98%
a
97%
for
96%
I
95%
the
95%
you
95%
life
93%
life)
93%
us
93%
We
93%
we
93%
And
92%
(And
92%
and
92%
lust
92%
of
92%
Hollywood
91%
on
91%
we're
91%
We're
91%
your
91%
to
90%
'Cause
89%
just
89%
all
88%
off
88%
sign
88%
Take
88%
take
88%
clothes
87%
no
85%
That
85%
die
84%
forever
84%
say
84%
alive
83%
alive)
83%
There's
83%
there's
83%
They
83%
Climb
82%
Keeps
82%
(Keeps
82%
our
82%
So
82%
young
82%
good
81%
like
81%
much
80%
up
80%
fun
79%
In
79%
in
79%
only
79%
too
79%
Too
79%
having
77%
is
76%
own
76%
right
76%
ain't
75%
masters
75%
tonight
75%
was
75%
(Yeah)
75%
yeah
75%
dance
74%
he's
74%
together
74%
Oh
72%
(Oh
72%
oh)
72%
My
71%
world
71%
boy
70%
blue
69%
here
69%
moments
69%
(Then)
69%
skies
68%
stolen
68%
mine
67%
nobody
67%
souls
67%
'Til
67%
'til
67%
back
66%
fate
66%
captains
65%
ever
65%
than
65%
these
65%
love
63%
cooler
62%
July
62%
need
60%
boyfriend's
59%
hesitate
58%
now
56%
gotta
55%
Keepin'
55%
me
55%
control
53%
lights
53%
green
51%
hot
51%
more
51%
night
51%
stopping
51%
out
50%
run
49%
way
46%
breath
45%
come
45%
gold
45%
letter
45%
told
45%
twice
43%
let's
42%
alone
40%
late
14%
(Woah)
12%
No matching quizzes found
Score Distribution
Percent of People with Each Score
Percentile by Number Answered
Your Score History
You have not taken this quiz